NFL Teams Original Names - Statistics

General Stats
  • This quiz has been taken 25 times
  • The average score is 11 of 12
Answer Stats
Hint Answer % Correct
Chicago Cardinals Arizona Cardinals
100%
Baltimore Colts Indianapolis Colts
100%
Oakland Raiders Las Vegas Raiders
100%
Cleveland Rams Los Angeles Rams
100%
Boston Patriots New England Patriots
100%
Pittsburgh Pirates Pittsburgh Steelers
100%
New York Titans New York Jets
96%
Houston Oilers Tennessee Titans
96%
Decatur Staleys Chicago Bears
83%
Dallas Texans Kansas City Chiefs
71%
Portsmouth Spartans Detroit Lions
67%
Boston Braves Washington Commanders
67%
No matching quizzes found
Score Distribution
Percent of People with Each Score
Percentile by Number Answered
Your Score History
You have not taken this quiz